| 000 | 00602nam a2200193 a 4500 | ||
|---|---|---|---|
| 001 | 0246 | ||
| 005 | 20140414131855.0 | ||
| 008 | 040902s19uu xx 00 eng d | ||
| 020 | _a1-86504-219-6 | ||
| 050 |
_aM 599.29 _bM1 1999 |
||
| 100 | _aMcAuley, Steve | ||
| 245 |
_aMillie's echidna book / _cSteve McAuley. |
||
| 260 |
_aSydney : _bScholastic Australia Pty., _c1999. |
||
| 300 | _a32 p. : ill. ; cm. | ||
| 650 |
_aOlympic Games (27th: 2000: Sydney , NSW) _xJuvenile literature. |
||
| 650 |
_aMascots _xJuvenile literature. |
||
| 650 |
_aTachyglossidae _xJuvenile literature. |
||
| 999 |
_c110420 _d110420 |
||